000 00338nam a2200133Ia 4500
005 20260328104259.0
008 260328s9999||||xx |||||||||||||| ||und||
100 _aVitruvio, Marco Lucio
245 0 _aLos Diez Libros de Arquitectura /
_cMarco Lucio Vitruvio
260 _bAlianza
300 _a398 p.
650 _aHISTORIA
942 _cBK
999 _c10535
_d10535